|
|
|
|
| LEADER |
00000cam a2200000 a 4500 |
| 001 |
53285 |
| 003 |
CZ-ZlUTB |
| 005 |
20190826001839.0 |
| 007 |
ta |
| 008 |
090519s2008 xr a f 000 0 cze |
| 020 |
|
|
|a 9788073685256
|q (váz.)
|
| 040 |
|
|
|a OLA001
|b cze
|d ABA001
|d ZLD002
|
| 041 |
0 |
|
|a cze
|b eng
|
| 072 |
|
7 |
|a 376
|x Výchova a vzdělávání zvláštních skupin osob
|2 Konspekt
|9 22
|
| 080 |
|
|
|a 376
|2 MRF
|
| 080 |
|
|
|a 616.89-008.43
|2 MRF
|
| 080 |
|
|
|a 616.89-008.447
|2 MRF
|
| 080 |
|
|
|a 316.346.32-053.5
|2 MRF
|
| 080 |
|
|
|a 364.636
|2 MRF
|
| 080 |
|
|
|a (048.8)
|2 MRF
|
| 100 |
1 |
|
|a Vašutová, Maria
|7 ola20040426003
|4 aut
|
| 245 |
1 |
0 |
|a Děti se specifickými vývojovými poruchami učení a chování a násilí ve školním prostředí /
|c Maria Vašutová
|
| 250 |
|
|
|a Vyd. 1.
|
| 260 |
|
|
|a Ostrava :
|b Ostravská univerzita v Ostravě, Filozofická fakulta,
|c 2008
|
| 300 |
|
|
|a 274 s. :
|b il. (některé barev.) ;
|c 21 cm
|
| 490 |
1 |
|
|a Spisy Filozofické fakulty Ostravské univerzity ;
|v č. 179/2008
|
| 500 |
|
|
|a 200 výt.
|
| 504 |
|
|
|a Obsahuje bibliografii
|
| 546 |
|
|
|a Anglické resumé
|
| 650 |
0 |
7 |
|a speciální pedagogika
|7 ph116230
|2 czenas
|
| 650 |
0 |
7 |
|a specifické poruchy učení
|7 ph125888
|2 czenas
|
| 650 |
0 |
7 |
|a poruchy chování
|7 ph124386
|2 czenas
|
| 650 |
0 |
7 |
|a děti školního věku
|7 ph119714
|2 czenas
|
| 650 |
0 |
7 |
|a šikana
|7 ph120093
|2 czenas
|
| 650 |
0 |
9 |
|a special education
|2 eczenas
|
| 650 |
0 |
9 |
|a learning disabilities
|2 eczenas
|
| 650 |
0 |
9 |
|a behavioral disorders
|2 eczenas
|
| 650 |
0 |
9 |
|a school children
|2 eczenas
|
| 650 |
0 |
9 |
|a bullying
|2 eczenas
|
| 655 |
|
7 |
|a studie
|7 fd133597
|2 czenas
|
| 655 |
|
9 |
|a studies
|2 eczenas
|
| 710 |
2 |
|
|a Ostravská univerzita.
|b Filozofická fakulta
|7 kn20010709314
|
| 810 |
2 |
|
|a Ostravská univerzita.
|b Filozofická fakulta.
|t Spisy
|0 s
|
| 910 |
|
|
|a ZLD002
|
| 928 |
1 |
|
|a Ostravská univerzita
|
| 952 |
|
|
|0 0
|1 0
|4 0
|6 376VAŠUTOVÁM
|7 0
|8 BOOK
|9 96895
|a UTBZL
|b UTBZL
|c 005
|d 2009-09-10
|l 1
|o 376/VAŠUTOVÁ,M.
|p 420010127001
|r 2019-08-26 00:00:00
|v 390.00
|w 2019-08-26
|x N:nákup; | 20100831
|y 01
|
| 952 |
|
|
|0 0
|1 0
|2 udc
|4 0
|6 376VAŠUTOVÁM
|7 0
|8 BOOK
|9 96896
|a UTBZL
|b UTBZL
|c 006
|d 2009-09-10
|l 46
|m 9
|o 376/VAŠUTOVÁ,M.
|p 420010127002
|r 2024-06-10 00:00:00
|s 2024-02-02
|v 390.00
|w 2019-08-26
|x N:nákup; | 20100831
|y 04
|
| 952 |
|
|
|0 0
|1 0
|2 udc
|4 0
|6 376VAŠUTOVÁM
|7 0
|8 BOOK
|9 96897
|a UTBZL
|b UTBZL
|c 006
|d 2009-09-10
|l 37
|m 8
|o 376/VAŠUTOVÁ,M.
|p 420010127003
|r 2024-11-19 00:00:00
|s 2024-07-16
|v 390.00
|w 2019-08-26
|x N:nákup; | 20100831
|y 04
|
| 992 |
|
|
|a BK
|b SK
|d 70
|
| 998 |
|
|
|a 001930286
|
| 999 |
|
|
|c 53285
|d 53285
|